Music Quiz

Random Music or Bands Quiz

Musical Artist Sorting Blitz Quiz Stats

 Plays Quiz Updated Jan 19, 2018

Challenge
Share
Tweet
Embed
Score 0/40 Timer 02:00
30 Plays Today
% Correct
???
87.8%
???
72.3%
???
69.8%
???
69.6%
???
69.6%
???
69.3%
???
68.6%
???
67.7%
???
65.8%
???
65.4%
???
65%
???
64.9%
???
64.7%
???
64.6%
???
64%
???
63.3%
???
63.3%
???
61.5%
???
59.2%
???
58.8%
% Correct
???
58.5%
???
56.8%
???
56.6%
???
56.6%
???
56.2%
???
55.5%
???
53.4%
???
52.8%
???
52.5%
???
51.5%
???
51.2%
???
49.9%
???
49.4%
???
47.8%
???
46.6%
???
46%
???
45.6%
???
41.1%
???
40.2%
???
36.4%

You're not logged in!

Compare scores with friends on all Sporcle quizzes.
OR
Log In

You Might Also Like...

Show Comments

Extras

Top Quizzes Today


Score Distribution

Your Account Isn't Verified!

In order to create a playlist on Sporcle, you need to verify the email address you used during registration. Go to your Sporcle Settings to finish the process.

Report this User

Report this user for behavior that violates our Community Guidelines.

Details: